00979nam a22002417a 4500999001500000001000500015003000900020005001700029008004100046020001500087040002900102082001900131100001500150245009700165250001200262260005400274300003100328650001500359942001200374952011700386952011700503952011700620 c7656d76569488BD-DhUAP20210127155246.0210127r19561987enk 000 0 eng  a0421017805 aDLCcCarPdBD-DhUAPbeng 223a349.37 LEE1 aLee, R. W.04aThe elements of Roman law :bwith a translation of the Institutes of Justinian /cR. W. Lee. a4th ed. aLondon :bSweet & Maxwell, limited;c1956 [1987]. axxiii, 499 pages ;c22 cm. 0aRoman law. 2ddccBK 00102ddc4070aUAPCLbUAPCLcReserve Stacksd2021-01-27o349.37 LEEp3010009488r2021-01-27t1w2021-01-27yBK 00102ddc4070aUAPCLbUAPCLcReserve Stacksd2021-01-27o349.37 LEEp3010009487r2021-01-27t2w2021-01-27yBK 00102ddc4070aUAPCLbUAPCLcReserve Stacksd2021-01-27o349.37 LEEp3010008274r2021-02-01t3w2021-01-27yBK